000
00307nam a2200133Ia 4500
005
20251222155055.0
008
251222s9999||||xx |||||||||||||| ||spa||
082
_a
MEQ. 68
100
_a
ORTIZ M.
245
0
_a
Diagnostico Diferencial Semiologico
250
_a
1ra. ed.
264
_b
Jaroyo
942
_c
LIB
999
_c
37442
_d
37442